000 00805nas a22001817a 4500
001 K121227
007 ta
008 200319b2020 ||||| |||| 00| 0 eng d
041 _aeng
245 _aThe Spectacular Fall of WeWork
260 _c2020
490 _aRICS Modus
_vMarch 2020, 5(1)
520 _aReview of the flexible workspace market following the disastrous initial public offering of WeWork which has left people questioning whether the model is flawed. References the RICS Valuation of Flexible Workspace insight paper.
650 _aFLEXIBLE WORKSPACE
651 _aUnited Kingdom
690 _96227
_aCommercial property
856 _uhttps://ww3.rics.org/uk/en/modus/built-environment/commercial-real-estate/the-fall-of-a-flexible-workspace-giant.html
_yAvailable free online on RICS Journals
999 _c121227
_d121227